Szczegóły MARC21

Aktywność ruchowa ludzi w różnym wieku. T.7 /

005 -DATA I CZAS OSTATNIEJ MODYFIKACJI [,]
    • @
    • pole kontrolne
    • 20070315155141.9
020 -Międzynarod. znormalizowany nr książki - ISBN [ , ]
    • a
    • Numer ISBN
    • 8388038346 Find
040 -Instytucja sporządzająca opis [ , ]
    • a
    • Instytucja, która sporządziła opis (NP)
    • SZCZ U
    • c
    • Instytucja, która sporządziła rekord (NP)
    • SZCZ U
041 -Język dokumentu [0, ]
    • a
    • Język tekstu (P)
    • polski
    • h
    • Język tekstu oryginalnego i/lub pośredniego (P)
    • polski
942 -Rodzaj dokumentu [ , ]
    • c
    • Rodzaj dokumentu
    • Książka
245 -Strefa tytułu i oznaczenia odpowiedzialności [0, ]
    • a
    • Tytuł
    • Aktywność ruchowa ludzi w różnym wieku. T.7 / Find
    • c
    • Pozostałe elementy strefy tytułu i oznaczenia odpowiedzialności (NP)
    • red. Danuta Umiastowska ; Polskie Tow. Naukowe Kultury Fizycznej. Oddz. w Szczecinie, Uniwersytet Szczeciński.
260 -Strefa adresu wydawniczego [ , ]
    • a
    • Miejsce wydania (P)
    • Szczecin :
    • b
    • Nazwa wydawcy (P)
    • "Albatros"
    • c
    • Data wydania (P)
    • 2002.
300 -Strefa opisu fizycznego [ , ]
    • a
    • Określenie formy książki i/lub objętość (NP)
    • 322 s. :
    • b
    • Oznaczenie ilustracji (NP)
    • wykr. :
    • c
    • Format (NP)
    • 21 cm.
500 -Uwaga ogólna [ , ]
    • a
    • Uwaga ogólna (NP)
    • Bibliogr. - Kolejny nr tomu jest kontynuacją serii Materiały Naukowe Pol. Tow. Nauk. Kultury Fizycznej. Oddz. w Szczecinie
080 -Uniwersalna Klasyfikacja Dziesiętna [ , ]
    • a
    • Symbol klasyfikacji
    • 796.012-05(061)
080 -Uniwersalna Klasyfikacja Dziesiętna [ , ]
    • a
    • Symbol klasyfikacji
    • :612-05(061)
080 -Uniwersalna Klasyfikacja Dziesiętna [ , ]
    • a
    • Symbol klasyfikacji
    • :613.73-05(061)
980 -Symbol UKD [ , ]
    • a
    • UKD
    • 796.012:612:613.73]-05(061)
700 -Hasło dodatkowe - nazwa osobowa [ , ]
    • a
    • Nazwa osobowa (NP)
    • Umiastowska Danuta Find
920 -ISBN [ , ]
    • a
    • ISBN
    • 83-88038-34-6 Find
Data inwentaryzacji Status udost. Sygnatura Lokalizacja Numer inwentarzowy
2003-02-131Aktywność fizyczna - konferencjeBMWF.7374
2003-02-13-3 BMWF.7373